| 000 | 00000nam 2200000zi 4500 |
| 001 | 9.871494 |
| 003 | CaOODSP |
| 005 | 20221107163413 |
| 006 | m o d f |
| 007 | cr ||||||||||| |
| 008 | 190411s2019 onc o f000 0 fre d |
| 040 | |aCaOODSP|bfre|erda|cCaOODSP |
| 043 | |an-cn--- |
| 086 | 1 |aXC71-1/1-421-14F-PDF |
| 110 | 1 |aCanada. |bParlement. |bChambre des communes. |bComité permanent de la condition féminine. |
| 245 | 10|aÉlisez-la : |bfeuille de route pour accroître la représentation des femmes sur la scène politique canadienne / |cla présidente Karen Vecchio. |
| 264 | 1|a[Ottawa] : |bChambre des communes Canada = House of Commons Canada, |c2019. |
| 300 | |a1 ressource en ligne (ix, 97 pages). |
| 336 | |atexte|btxt|2rdacontent/fre |
| 337 | |ainformatique|bc|2rdamedia/fre |
| 338 | |aressource en ligne|bcr|2rdacarrier/fre |
| 490 | 1 |aRapport du Comité permanent de la condition féminine ; |v14e rapport, 42e législature, 1re session |
| 500 | |aDate originale de publication : 2019/04/10; date de publication : 2019/04/15; date de publication : 2019/04/29; date de publication : 2019/04/30. |
| 500 | |aPublié aussi en anglais sous le titre : Elect her: a roadmap for improving the representation of women in Canadian politics. |
| 500 | |aPublié aussi en format HTML. |
| 500 | |a« Avril 2018. » |
| 504 | |aComprend des références bibliographiques. |
| 692 | 07|2gccst|aVie politique |
| 692 | 07|2gccst|aÉgalité des sexes |
| 700 | 1 |aVecchio, Karen, |d1971- |
| 775 | 08|tElect her : |w(CaOODSP)9.871488 |
| 830 | #0|aRapport du Comité permanent de la condition féminine ;|v14e rapport, 42e législature, 1re session.|w(CaOODSP)9.503203 |
| 856 | 40|qPDF|s5.64 Mo|uhttps://publications.gc.ca/collections/collection_2019/parl/xc71-1/XC71-1-1-421-14-fra.pdf |
| 856 | 4 |qHTML|sS.O.|uhttps://www.noscommunes.ca/DocumentViewer/fr/42-1/FEWO/rapport-14 |